• 首页
  • 本馆介绍
  • 公告通知
  • 最新文献
  • 馆藏检索
  • 电子资源
  • 读者导购
  • 参考咨询
  • 我的图书馆
  • 登录
  • 详细信息显示
  • 放入我的书架
  • 预约/预借图书
  • 作者相关作品
  • 分类相关作品
  • 丛书相关作品
  • 出版社相关作品

书目信息

  • 表格格式
  • 工作单格式
  • 卡片格式
题名:
应用高等数学
    
 
作者: 希尔德布兰德 著 ;陈绶章 , 张志强 译
分册: 上册  
出版信息: 北京   人民教育出版社  1979
页数: 371页
开本: 20cm
丛书名:
单 册:
中图分类: O29
科图分类:
主题词: 应用数学 , 高等数学 , 数学--应用
电子资源:
ISBN:
000 00763nam0 2200265 45
001 0179002398
005 20060813111546.10
010    @dCNY1.05
091    @a13012.0388
100    @a19950814d1979 em y0chiy0121 ea
101 1  @achi@ceng
102    @aCN@b110000
105    @ay z 000yy
200 10 @a应用高等数学@Aying yong gao deng shu xue@h上册@f(美)希尔德布兰德著@F(mei)xi er de bu lan de zhu@g陈绶章,张志强译
210    @a北京@c人民教育出版社@d1979
215    @a371页@d20cm
606 0  @a应用数学
606    @a高等数学
606 0  @a数学@x应用
690    @aO29
701  0 @a希尔德布兰德@Axi er de bu lan de@4著
702  0 @a陈绶章@Achen shou zhang@4译
702  0 @a张志强@Azhang zhi qiang@4译
801  0 @aCN@bNLC@c20060813
905    @dO29@e11:1
    
    应用高等数学.上册/(美)希尔德布兰德著/陈绶章,张志强译.-北京:人民教育出版社,1979
    371页;20cm
    
    
    ISBN :CNY1.05
    
●
相关链接 在E读中查询图书 在五车中查询图书 在当当中查询图书 在豆瓣中查询图书


正题名:应用高等数学     索取号:O29/11:1         预约/预借

序号 登录号 条形码 馆藏地/架位号 状态 备注
1 0034496   202197087   密集书库/ [索取号:O29/11:1] 在馆    
2 0034497   202197121   密集书库/ [索取号:O29/11:1] 在馆    
3 0034498   202197167   密集书库/ [索取号:O29/11:1] 在馆    
4 0034499   001446714   第三借阅区/ [索取号:O29/11:1] 在馆    
5 0034500   202197201   密集书库/ [索取号:O29/11:1] 在馆    
6 0054502   001446643   第三借阅区/ [索取号:O29/11:1] 在馆    
7 0054503   001446689   第二样本阅览室/ [索取号:O29/11:1] 在馆    
8 0054504   001446670   第三借阅区/ [索取号:O29/11:1] 在馆    
9 0429864   204298642   密集书库/ [索取号:O29/11:1] 在馆    
10 0429865   204298651   密集书库/ [索取号:O29/11:1] 在馆    
11 0431940   204319406   密集书库/ [索取号:O29/11:1] 在馆    
12 0455251   204552518   密集书库/ [索取号:O29/11:1] 在馆    
13 0455252   204552527   密集书库/ [索取号:O29/11:1] 在馆    
14 0455253   204552536   密集书库/ [索取号:O29/11:1] 在馆    
唐山师范学院图书馆 欢迎您!
大连网信软件有限公司© 版权所有